[Event "Kronborg Chess Open 2025 GM"]
[Site "Snekkersten"]
[Date "2025.05.30"]
[Round "5"]
[White "Kaasen, Tor Fredrik"]
[Black "Stefansson, Vignir Vatnar"]
[Result "1/2-1/2"]
[WhiteElo "2471"]
[BlackElo "2528"]
[WhiteFideId "1516647"]
[BlackFideId "2308649"]
[EventDate "2025.05.28"]
[EventType "tourn"]
[EventRounds "9"]
[EventCountry "DEN"]
[SourceTitle "Live v. Helsingor Chess on ChessCom"]

1. d4 Nf6 2. c4 e6 3. g3 d5 4. Bg2 Bb4+ 5. Nd2 O-O 6. Ngf3 b6 7. O-O Bb7 8. b3 c5 9. Bb2 Nc6 10. dxc5 Bxc5 11. a3 a5 12. e3 Ba6 13. Qc2 Rc8 14. Rfd1 Re8 15. Ng5 h6 16. cxd5 exd5 17. Nde4 Nxe4 18. Nxe4 Bd4 19. Nc3 Bxc3 20. Rxd5 Qf6 21. Bxc3 Nb4 22. axb4 Rxc3 23. Qd1 Rxb3 24. Rd6 Qc3 25. Rxb6 Be2 26. Qe1 axb4 27. Qxc3 Rxc3 28. Rxb4 Rd8 29. Be4 g6 30. Kg2 Rc7 31. Rb2 Bd3 32. Bxd3 Rxd3 33. g4 Rd5 34. h4 Rc4 35. Kh3 Rdc5 36. Rb7 Rc7 37. Ra8+ Kg7 38. Rbb8 Rc2 39. g5 hxg5 40. hxg5 f5 41. gxf6+ Kxf6 42. Kg3 R7c5 43. Rf8+ Kg7 44. f4 R2c3 45. Kf3 Rh5 46. Rg8+ Kf7 47. Rgf8+ Kg7 48. Rfb8 Rh3+ 49. Kg4 Rhxe3 50. Rb7+ Kf6 51. Ra6+ Re6 52. Raa7 Re8 53. Rb6+ Re6 54. Rb8 Re7 55. Ra6+ Re6 56. Rf8+ Kg7 57. Rxe6 Kxf8 58. Rxg6 Kf7 59. Ra6 Rc5 60. f5 Rc1 61. Kg5 Rg1+ 62. Kf4 Rf1+ 63. Kg5 Rg1+ 64. Kf4 Rf1+ 65. Ke4 1/2-1/2

[Event "Kronborg Chess Open 2025 GM"]
[Site "Snekkersten"]
[Date "2025.05.30"]
[Round "5"]
[White "Akesson, Ralf"]
[Black "Grieve, Harry"]
[Result "0-1"]
[WhiteElo "2353"]
[BlackElo "2471"]
[WhiteFideId "1700120"]
[BlackFideId "426520"]
[EventDate "2025.05.28"]
[EventType "tourn"]
[EventRounds "9"]
[EventCountry "DEN"]
[SourceTitle "Live v. Helsingor Chess on ChessCom"]

1. d4 d5 2. Nf3 e6 3. c4 Nf6 4. Nc3 a6 5. cxd5 exd5 6. Bg5 Be6 7. e3 Nbd7 8. Bd3 Bd6 9. h3 c6 10. Qc2 Qc7 11. O-O h6 12. Bxf6 Nxf6 13. Na4 O-O 14. Nc5 Rfe8 15. b4 Bc8 16. Rfc1 Qe7 17. Nd2 Nh5 18. Bh7+ Kh8 19. Bf5 Bxf5 20. Qxf5 g6 21. Qc2 Ng7 22. Rab1 Nf5 23. Nf3 Bb8 24. Ne5 Kg7 25. a4 Nd6 26. Ncd3 Rd8 27. Nf4 Qe8 28. Qd1 h5 29. Rb3 Ne4 30. Nfd3 f6 31. Nf3 Nd6 32. Nd2 Rd7 33. Nf4 Re7 34. g3 Kh6 35. Qf3 Kg7 36. Kg2 Bc7 37. Rc2 Rd8 38. b5 axb5 39. axb5 Nxb5 40. Rxb5 Bxf4 41. Rb6 Bb8 42. Nb3 Ba7 43. Rb4 b6 44. Qe2 Rc7 45. Ra2 Qe4+ 46. Kh2 h4 47. g4 c5 48. Rba4 Bb8 49. f3 Re7+ 50. Kg2 Qxe3 51. Nc1 Rde8 52. Qxe3 Rxe3 53. Ra6 Re1 54. Rc2 c4 55. Rxb6 Bf4 0-1

[Event "Kronborg Chess Open 2025 GM"]
[Site "Snekkersten"]
[Date "2025.05.30"]
[Round "5"]
[White "Pajeken, Jakob Leon"]
[Black "Kistrup, Nicolai"]
[Result "1/2-1/2"]
[WhiteElo "2440"]
[BlackElo "2374"]
[WhiteFideId "12942839"]
[BlackFideId "1444816"]
[EventDate "2025.05.28"]
[EventType "tourn"]
[EventRounds "9"]
[EventCountry "DEN"]
[SourceTitle "Live v. Helsingor Chess on ChessCom"]

1. e4 e5 2. Nf3 Nc6 3. Bc4 Bc5 4. O-O Nf6 5. d3 O-O 6. Re1 Ng4 7. Rf1 Nf6 8. h3 d6 9. c3 h6 10. Re1 Bb6 11. a4 a5 12. Nbd2 Be6 13. Qb3 Qe7 14. Bxe6 Qxe6 15. Nc4 Nd7 16. Nh4 Ne7 17. g4 Kh7 18. Qd1 Bc5 19. Be3 g6 20. Bxc5 Nxc5 21. Qe2 Qf6 22. Ng2 g5 23. Nce3 Ne6 24. Nf5 Nxf5 25. gxf5 Nf4 26. Nxf4 gxf4 27. Kh2 Rg8 28. Rg1 Qh4 29. Qf3 c6 30. Rxg8 1/2-1/2

[Event "Kronborg Chess Open 2025 GM"]
[Site "Snekkersten"]
[Date "2025.05.30"]
[Round "5"]
[White "Borge, Nikolaj"]
[Black "Hansen, Sune Berg"]
[Result "1/2-1/2"]
[WhiteElo "2369"]
[BlackElo "2503"]
[WhiteFideId "1400312"]
[BlackFideId "1400266"]
[EventDate "2025.05.28"]
[EventType "tourn"]
[EventRounds "9"]
[EventCountry "DEN"]
[SourceTitle "Live v. Helsingor Chess on ChessCom"]

1. e4 c5 2. Nf3 Nc6 3. d4 cxd4 4. Nxd4 e5 5. Nb5 d6 6. c4 Be6 7. Be3 Nf6 8. f3 a6 9. N5c3 g6 10. Nd5 Bxd5 11. cxd5 Nd4 12. Nd2 Rc8 13. Bd3 Bg7 14. O-O O-O 15. Nb3 Nd7 16. Qd2 Qb6 17. Rfc1 Bh6 18. Nxd4 Qxd4 19. Bxd4 Bxd2 20. Rxc8 Rxc8 21. Bf2 Nc5 22. Bxc5 Rxc5 23. Kf2 h5 24. Ke2 Bg5 25. Rb1 Rb5 1/2-1/2

[Event "Kronborg Chess Open 2025 GM"]
[Site "Snekkersten"]
[Date "2025.05.30"]
[Round "6"]
[White "Stefansson, Vignir Vatnar"]
[Black "Borge, Nikolaj"]
[Result "1-0"]
[WhiteElo "2528"]
[BlackElo "2369"]
[WhiteFideId "2308649"]
[BlackFideId "1400312"]
[EventDate "2025.05.28"]
[EventType "tourn"]
[EventRounds "9"]
[EventCountry "DEN"]
[SourceTitle "Live v. Helsingor Chess on ChessCom"]

1. Nf3 c5 2. c4 Nc6 3. d4 cxd4 4. Nxd4 e5 5. Nb5 d6 6. N1c3 a6 7. Na3 Be6 8. g3 Rc8 9. Bg2 Nf6 10. O-O Be7 11. Bg5 Na5 12. Bxf6 Bxf6 13. Qa4+ Ke7 14. Nd5+ Bxd5 15. Bxd5 Qb6 16. b4 Nc6 17. Rab1 Nd4 18. Qd1 Rc7 19. e3 Ne6 20. Rb3 Rd8 21. Nb1 Rcc8 22. Nc3 Kf8 23. Qg4 Qc7 24. Ne4 Be7 25. f4 exf4 26. Bxe6 fxe6 27. Qxe6 Qxc4 28. Rxf4+ Bf6 29. Qxc4 Rxc4 30. Nxf6 Rc1+ 31. Kg2 gxf6 32. Rxf6+ Kg7 33. Rf2 Rdc8 34. Rd3 R1c6 35. Rfd2 Re8 36. Rxd6 Rxd6 37. Rxd6 Rxe3 38. a4 Re7 39. Rb6 Kf7 40. g4 Ke8 41. h4 Kd8 42. g5 Re4 43. Kg3 Kc7 44. a5 Kc8 45. h5 Re7 46. Kf4 Kd8 47. Kf5 Ke8 48. Re6 1-0

[Event "Kronborg Chess Open 2025 GM"]
[Site "Snekkersten"]
[Date "2025.05.30"]
[Round "6"]
[White "Grieve, Harry"]
[Black "Kaasen, Tor Fredrik"]
[Result "1/2-1/2"]
[WhiteElo "2471"]
[BlackElo "2471"]
[WhiteFideId "426520"]
[BlackFideId "1516647"]
[EventDate "2025.05.28"]
[EventType "tourn"]
[EventRounds "9"]
[EventCountry "DEN"]
[SourceTitle "Live v. Helsingor Chess on ChessCom"]

1. e4 e5 2. Nf3 Nc6 3. Bc4 Nf6 4. Ng5 d5 5. exd5 Na5 6. Bb5+ c6 7. dxc6 bxc6 8. Bd3 Nd5 9. Nf3 Bd6 10. O-O O-O 11. Re1 f5 12. Nxe5 Qf6 13. Nf3 g5 14. c4 Nf4 15. Bf1 g4 16. c5 Bc7 17. d4 gxf3 18. Bxf4 Bxf4 19. Qxf3 Qxd4 20. Na3 Bc7 21. b4 Qxb4 22. Nc4 Nxc4 23. Qxc6 Ne5 24. Qxc7 Ng6 25. Rab1 Qd4 26. Red1 Qe4 27. Re1 Qd4 28. Red1 Qe4 29. Re1 Qd4 1/2-1/2

[Event "Kronborg Chess Open 2025 GM"]
[Site "Snekkersten"]
[Date "2025.05.30"]
[Round "6"]
[White "Pajeken, Jakob Leon"]
[Black "Akesson, Ralf"]
[Result "1/2-1/2"]
[WhiteElo "2440"]
[BlackElo "2353"]
[WhiteFideId "12942839"]
[BlackFideId "1700120"]
[EventDate "2025.05.28"]
[EventType "tourn"]
[EventRounds "9"]
[EventCountry "DEN"]
[SourceTitle "Live v. Helsingor Chess on ChessCom"]

1. e4 c6 2. d4 d5 3. Nd2 dxe4 4. Nxe4 Bf5 5. Ng3 Bg6 6. Nf3 Nd7 7. h4 h6 8. h5 Bh7 9. Bd3 Bxd3 10. Qxd3 e6 11. Bd2 Ngf6 12. O-O-O Qc7 13. Ne4 O-O-O 14. g3 Nc5 15. Nxc5 Bxc5 16. Kb1 Bb6 17. Bf4 Qe7 18. Qe2 Bc7 19. Be5 Rd7 20. Nd2 Rhd8 21. f4 Ne8 22. Bxc7 Nxc7 23. c3 c5 24. Nb3 cxd4 25. Rxd4 Qf6 26. Qe4 Rxd4 27. Nxd4 Rd5 28. g4 a6 29. Nb3 Qd8 30. Kc2 Ne8 31. Qe3 1/2-1/2

[Event "Kronborg Chess Open 2025 GM"]
[Site "Snekkersten"]
[Date "2025.05.30"]
[Round "6"]
[White "Hansen, Sune Berg"]
[Black "Galopoulos, Nikolaos"]
[Result "1-0"]
[WhiteElo "2503"]
[BlackElo "2419"]
[WhiteFideId "1400266"]
[BlackFideId "4208951"]
[EventDate "2025.05.28"]
[EventType "tourn"]
[EventRounds "9"]
[EventCountry "DEN"]
[SourceTitle "Live v. Helsingor Chess on ChessCom"]

1. c4 e6 2. g3 d5 3. Bg2 Nf6 4. Nf3 Be7 5. O-O d4 6. d3 c5 7. e3 Nc6 8. exd4 cxd4 9. Na3 O-O 10. Re1 Nd7 11. Nc2 Qb6 12. b4 Nxb4 13. Nfxd4 Nc5 14. Nxb4 Qxb4 15. Nc2 Qc3 16. Ba3 Rd8 17. d4 Bf8 18. Bb4 Qb2 19. Re3 e5 20. Bxc5 Bf5 21. Bxf8 exd4 22. Rb3 Qxc2 23. Be7 Qxc4 24. Rc1 1-0

[Event "Kronborg Chess Open 2025 GM"]
[Site "Snekkersten"]
[Date "2025.05.30"]
[Round "6"]
[White "Kistrup, Nicolai"]
[Black "Ragnarsson, Dagur"]
[Result "0-1"]
[WhiteElo "2374"]
[BlackElo "2344"]
[WhiteFideId "1444816"]
[BlackFideId "2304058"]
[EventDate "2025.05.28"]
[EventType "tourn"]
[EventRounds "9"]
[EventCountry "DEN"]
[SourceTitle "Live v. Helsingor Chess on ChessCom"]

1. e4 c5 2. Nf3 Nc6 3. Bb5 g6 4. O-O Bg7 5. Re1 e5 6. Bxc6 dxc6 7. a4 Nh6 8. Na3 O-O 9. d3 Qc7 10. Nc4 f6 11. a5 Be6 12. Be3 b5 13. Ncd2 Qd6 14. h3 Rfd8 15. Qe2 Nf7 16. g4 Rd7 17. Ra3 b4 18. Raa1 Nd8 19. Kh1 Bf7 20. b3 Ne6 21. Nc4 Qc7 22. Rg1 Re8 23. Qf1 Kh8 24. h4 f5 25. gxf5 gxf5 26. exf5 Nd4 27. Nxd4 exd4 28. Bg5 Bd5+ 29. f3 Rf7 30. Qh3 Ref8 31. Raf1 Rxf5 32. Rg3 h6 33. Bc1 Qe7 34. Kg2 Kh7 35. Qg4 R8f6 36. Bg5 hxg5 37. hxg5 Rf8 38. g6+ Kg8 39. Qh3 R8f6 40. Rf2 Qe6 41. Qh7+ Kf8 42. Nd2 Qe3 43. Qh3 Qh6 44. Qg4 Qf4 45. Qh3 Qh6 46. Qg4 Qh5 47. Qxh5 Rxh5 48. Ne4 Bxe4 49. dxe4 Rf4 0-1

[Event "Kronborg Chess Open 2025 GM"]
[Site "Snekkersten"]
[Date "2025.05.31"]
[Round "7"]
[White "Galopoulos, Nikolaos"]
[Black "Stefansson, Vignir Vatnar"]
[Result "1-0"]
[WhiteElo "2419"]
[BlackElo "2528"]
[WhiteFideId "4208951"]
[BlackFideId "2308649"]
[EventDate "2025.05.28"]
[EventType "tourn"]
[EventRounds "9"]
[EventCountry "DEN"]
[SourceTitle "Live v. Helsingor Chess on ChessCom"]

1. d4 Nf6 2. c4 e6 3. Nf3 d5 4. g3 Bb4+ 5. Nbd2 a5 6. a3 Be7 7. Bg2 O-O 8. O-O a4 9. Qc2 Nc6 10. Rd1 Bd7 11. b4 axb3 12. Nxb3 Na5 13. Nxa5 Rxa5 14. Bd2 Ra7 15. Rdc1 Bxa3 16. Bb4 Ba4 17. Rxa3 Bxc2 18. Rxa7 Qb8 19. Ra3 Re8 20. Rxc2 Nd7 21. cxd5 exd5 22. e3 c6 23. Nd2 h5 24. e4 dxe4 25. Nxe4 Nb6 26. Nd6 Rd8 27. Nf5 Nc8 28. d5 Qe5 29. Ne3 cxd5 30. Ra8 1-0

[Event "Kronborg Chess Open 2025 GM"]
[Site "Snekkersten"]
[Date "2025.05.31"]
[Round "7"]
[White "Borge, Nikolaj"]
[Black "Grieve, Harry"]
[Result "1-0"]
[WhiteElo "2369"]
[BlackElo "2471"]
[WhiteFideId "1400312"]
[BlackFideId "426520"]
[EventDate "2025.05.28"]
[EventType "tourn"]
[EventRounds "9"]
[EventCountry "DEN"]
[SourceTitle "Live v. Helsingor Chess on ChessCom"]

1. e4 c5 2. Nf3 e6 3. d4 cxd4 4. Nxd4 Nc6 5. Nc3 Nf6 6. Nxc6 bxc6 7. e5 Nd5 8. Ne4 Qc7 9. f4 Rb8 10. c4 Bb4+ 11. Kf2 f5 12. Ng5 Qb6+ 13. Kf3 h6 14. Nh3 g5 15. fxg5 hxg5 16. Nxg5 d6 17. cxd5 dxe5 18. dxe6 Rh4 19. g3 Rd4 20. Qc2 Qa5 21. Bc4 Bb7 22. Be3 c5+ 23. Kf2 e4 24. Qe2 Bd2 25. Qh5+ Kd8 26. Bxd4 cxd4 27. Qf7 Be3+ 28. Kf1 1-0

[Event "Kronborg Chess Open 2025 GM"]
[Site "Snekkersten"]
[Date "2025.05.31"]
[Round "7"]
[White "Kaasen, Tor Fredrik"]
[Black "Pajeken, Jakob Leon"]
[Result "1/2-1/2"]
[WhiteElo "2471"]
[BlackElo "2440"]
[WhiteFideId "1516647"]
[BlackFideId "12942839"]
[EventDate "2025.05.28"]
[EventType "tourn"]
[EventRounds "9"]
[EventCountry "DEN"]
[SourceTitle "Live v. Helsingor Chess on ChessCom"]

1. e4 c5 2. Nf3 e6 3. c3 Nf6 4. e5 Nd5 5. d4 cxd4 6. cxd4 d6 7. Bc4 Be7 8. O-O O-O 9. Qe2 Nc6 10. Nc3 dxe5 11. dxe5 Nxc3 12. bxc3 b6 13. Bd3 Bb7 14. h4 Qc7 15. Re1 Rfd8 16. Ng5 Bxg5 17. Bxg5 Ne7 18. Rad1 h6 19. Bxe7 Qxe7 20. Qg4 Rd7 21. Bb5 Rxd1 22. Rxd1 Qc5 23. Rd7 Qxb5 24. Rxb7 Qxe5 25. Qf3 Qf5 26. Rxf7 Kxf7 27. Qb7+ Kg6 28. Qxa8 Qb1+ 29. Kh2 Qxa2 30. Qe4+ Kf7 31. Qf3+ Kg8 32. Qa8+ Kh7 33. Qe4+ Kg8 34. Qa8+ Kf7 1/2-1/2

[Event "Kronborg Chess Open 2025 GM"]
[Site "Snekkersten"]
[Date "2025.05.31"]
[Round "7"]
[White "Akesson, Ralf"]
[Black "Kistrup, Nicolai"]
[Result "1-0"]
[WhiteElo "2353"]
[BlackElo "2374"]
[WhiteFideId "1700120"]
[BlackFideId "1444816"]
[EventDate "2025.05.28"]
[EventType "tourn"]
[EventRounds "9"]
[EventCountry "DEN"]
[SourceTitle "Live v. Helsingor Chess on ChessCom"]

1. Nf3 Nf6 2. c4 c5 3. Nc3 Nc6 4. d4 cxd4 5. Nxd4 e6 6. a3 Bc5 7. e3 d5 8. cxd5 exd5 9. Nxc6 bxc6 10. Bd3 O-O 11. O-O Bd6 12. h3 Bc7 13. Ne2 1-0

[Event "Kronborg Chess Open 2025 GM"]
[Site "Snekkersten"]
[Date "2025.05.31"]
[Round "7"]
[White "Ragnarsson, Dagur"]
[Black "Hansen, Sune Berg"]
[Result "1/2-1/2"]
[WhiteElo "2344"]
[BlackElo "2503"]
[WhiteFideId "2304058"]
[BlackFideId "1400266"]
[EventDate "2025.05.28"]
[EventType "tourn"]
[EventRounds "9"]
[EventCountry "DEN"]
[SourceTitle "Live v. Helsingor Chess on ChessCom"]

1. d4 Nf6 2. c4 g6 3. Nf3 Bg7 4. g3 O-O 5. Bg2 d6 6. Nc3 Nbd7 7. h3 e5 8. Be3 exd4 9. Bxd4 Re8 10. Qd2 a6 11. O-O Rb8 12. Ba7 Ra8 13. Bd4 Rb8 14. Ba7 Ra8 15. Bd4 Rb8 1/2-1/2

[Event "Kronborg Chess Open 2025 GM"]
[Site "Snekkersten"]
[Date "2025.05.31"]
[Round "8"]
[White "Stefansson, Vignir Vatnar"]
[Black "Ragnarsson, Dagur"]
[Result "1/2-1/2"]
[WhiteElo "2528"]
[BlackElo "2344"]
[WhiteFideId "2308649"]
[BlackFideId "2304058"]
[EventDate "2025.05.28"]
[EventType "tourn"]
[EventRounds "9"]
[EventCountry "DEN"]
[SourceTitle "Live v. Helsingor Chess on ChessCom"]

1. d4 d5 2. c4 e6 3. Nc3 Nf6 4. cxd5 exd5 5. Bg5 c6 6. e3 h6 7. Bh4 Be7 8. Bd3 O-O 9. Nge2 Ne8 10. Bg3 Nd6 11. O-O Re8 12. b4 a6 13. Qc2 Bf8 14. a4 Nd7 15. b5 axb5 16. axb5 Rxa1 17. Rxa1 Nb6 18. bxc6 bxc6 19. Na4 Nxa4 20. Qxa4 Bd7 21. Qc2 Ne4 22. Be5 Qb6 23. Bxe4 dxe4 24. Nc3 c5 25. Rb1 1/2-1/2

[Event "Kronborg Chess Open 2025 GM"]
[Site "Snekkersten"]
[Date "2025.05.31"]
[Round "8"]
[White "Grieve, Harry"]
[Black "Galopoulos, Nikolaos"]
[Result "1/2-1/2"]
[WhiteElo "2471"]
[BlackElo "2419"]
[WhiteFideId "426520"]
[BlackFideId "4208951"]
[EventDate "2025.05.28"]
[EventType "tourn"]
[EventRounds "9"]
[EventCountry "DEN"]
[SourceTitle "Live v. Helsingor Chess on ChessCom"]

1. e4 e5 2. Nf3 Nc6 3. Bb5 a6 4. Ba4 Nge7 5. c3 Ng6 6. d4 exd4 7. cxd4 Bb4+ 8. Nc3 d5 9. exd5 Bxc3+ 10. bxc3 Qxd5 11. Bb3 Qe4+ 12. Kf1 Bg4 13. Ng5 Bxd1 14. Nxe4 1/2-1/2

[Event "Kronborg Chess Open 2025 GM"]
[Site "Snekkersten"]
[Date "2025.05.31"]
[Round "8"]
[White "Pajeken, Jakob Leon"]
[Black "Borge, Nikolaj"]
[Result "1-0"]
[WhiteElo "2440"]
[BlackElo "2369"]
[WhiteFideId "12942839"]
[BlackFideId "1400312"]
[EventDate "2025.05.28"]
[EventType "tourn"]
[EventRounds "9"]
[EventCountry "DEN"]
[SourceTitle "Live v. Helsingor Chess on ChessCom"]

1. Nf3 c5 2. e4 e6 3. d4 cxd4 4. Nxd4 Nc6 5. a3 Bc5 6. Nb3 Bb6 7. Nc3 Qf6 8. Qe2 Nd4 9. Nxd4 Bxd4 10. Nb5 Bxb2 11. Bxb2 Qxb2 12. Rd1 Kf8 13. Qc4 Ne7 14. Be2 a6 15. Nd6 Nc6 16. O-O Qxa3 17. e5 Qb4 18. Qd3 Nxe5 19. Qe3 f6 20. f4 Nf7 21. Nxc8 Rxc8 22. Rxd7 Qc5 23. Qxc5+ Rxc5 24. Rxb7 g6 25. Rd1 Kg7 26. Rdd7 Rf8 27. Bd3 a5 28. Re7 e5 29. Bb5 Kh6 30. Ba4 Rc4 31. Bb3 Rxf4 32. Rxf7 Rxf7 33. Bxf7 Kg5 34. c4 Rd4 35. Rb1 e4 36. Kf2 f5 37. Ke2 Rd3 38. Ra1 Rb3 39. c5 Rc3 40. Rxa5 Kf6 41. Bg8 Ke5 42. Kd2 Rd3+ 43. Kc2 Rd8 44. c6+ Kf6 45. Bc4 Rc8 46. Bb5 f4 47. Ra7 f3 48. gxf3 exf3 49. Ra3 1-0

[Event "Kronborg Chess Open 2025 GM"]
[Site "Snekkersten"]
[Date "2025.05.31"]
[Round "8"]
[White "Akesson, Ralf"]
[Black "Kaasen, Tor Fredrik"]
[Result "0-1"]
[WhiteElo "2353"]
[BlackElo "2471"]
[WhiteFideId "1700120"]
[BlackFideId "1516647"]
[EventDate "2025.05.28"]
[EventType "tourn"]
[EventRounds "9"]
[EventCountry "DEN"]
[SourceTitle "Live v. Helsingor Chess on ChessCom"]

1. d4 Nf6 2. c4 e6 3. Nf3 d5 4. g3 Bb4+ 5. Bd2 Be7 6. Bg2 O-O 7. O-O c6 8. Qc2 Nbd7 9. Rd1 a5 10. b3 b6 11. Nc3 Ba6 12. e4 dxc4 13. bxc4 Bxc4 14. Bg5 h6 15. Bxf6 Bxf6 16. Ne5 Bxe5 17. dxe5 Qc7 18. f4 Rfd8 19. Rd6 Nc5 20. Rad1 Nb7 21. R1d4 b5 22. Qd1 b4 0-1

[Event "Kronborg Chess Open 2025 GM"]
[Site "Snekkersten"]
[Date "2025.05.31"]
[Round "8"]
[White "Kistrup, Nicolai"]
[Black "Hansen, Sune Berg"]
[Result "1/2-1/2"]
[WhiteElo "2374"]
[BlackElo "2503"]
[WhiteFideId "1444816"]
[BlackFideId "1400266"]
[EventDate "2025.05.28"]
[EventType "tourn"]
[EventRounds "9"]
[EventCountry "DEN"]
[SourceTitle "Live v. Helsingor Chess on ChessCom"]

1. e4 c5 2. Nf3 e6 3. c3 d5 4. exd5 exd5 5. Bb5+ Nc6 6. d4 Bd6 7. O-O Nf6 8. Bg5 Be6 9. dxc5 Bxc5 10. Nbd2 O-O 11. Nb3 Bb6 12. Nbd4 Nxd4 13. Nxd4 h6 14. Bh4 g5 15. Bg3 Ne4 16. Qe2 Qf6 17. Rad1 Rad8 1/2-1/2

[Event "Kronborg Chess Open 2025 GM"]
[Site "Snekkersten"]
[Date "2025.06.01"]
[Round "9"]
[White "Hansen, Sune Berg"]
[Black "Stefansson, Vignir Vatnar"]
[Result "1/2-1/2"]
[WhiteElo "2503"]
[BlackElo "2528"]
[WhiteFideId "1400266"]
[BlackFideId "2308649"]
[EventDate "2025.05.28"]
[EventType "tourn"]
[EventRounds "9"]
[EventCountry "DEN"]
[SourceTitle "Live v. Helsingor Chess on ChessCom"]

1. c4 e5 2. Nc3 Nc6 3. Nf3 f5 4. e3 Be7 5. d4 e4 6. Ng1 Nf6 7. Nh3 O-O 8. a3 Qe8 9. b4 d6 10. Bd2 Nd8 11. Nb5 Ne6 12. d5 a6 13. Nc3 Nd8 14. Be2 Nf7 15. Nf4 g5 16. Ne6 Bxe6 17. dxe6 Nd8 18. Nd5 Nxe6 19. Bc3 Rd8 20. g4 f4 21. exf4 Nxd5 22. Qxd5 Qf7 23. f5 Nf4 24. Qd4 Bf6 25. Qxf6 Qxf6 26. Bxf6 Rxf6 27. Kd2 Kg7 28. h4 h6 29. hxg5 hxg5 30. Rh2 Rf7 31. Rah1 Kf6 32. Rh8 Rdd7 33. Bf1 c6 34. Re8 Rde7 35. Rhh8 d5 36. cxd5 cxd5 37. b5 d4 38. Rh6+ Ke5 39. Rxe7+ Rxe7 40. bxa6 bxa6 41. Rxa6 Rc7 42. Ra5+ Nd5 43. Be2 d3 44. Bd1 Rb7 45. f6 Rb2+ 46. Ke1 d2+ 47. Ke2 Kd6 48. Rxd5+ Kxd5 49. f7 Rb8 50. Bb3+ Kd6 51. Kxd2 Ke7 52. Bc4 Ra8 53. Ke3 Ra4 54. Bd5 Kf8 55. Be6 Kg7 56. Bd5 Rxa3+ 57. Kxe4 Ra4+ 58. Kf5 Ra5 1/2-1/2

[Event "Kronborg Chess Open 2025 GM"]
[Site "Snekkersten"]
[Date "2025.06.01"]
[Round "9"]
[White "Ragnarsson, Dagur"]
[Black "Grieve, Harry"]
[Result "1/2-1/2"]
[WhiteElo "2344"]
[BlackElo "2471"]
[WhiteFideId "2304058"]
[BlackFideId "426520"]
[EventDate "2025.05.28"]
[EventType "tourn"]
[EventRounds "9"]
[EventCountry "DEN"]
[SourceTitle "Live v. Helsingor Chess on ChessCom"]

1. d4 d5 2. c4 e6 3. Nc3 Nf6 4. Nf3 a6 5. cxd5 exd5 6. Bg5 Be6 7. e3 Nbd7 8. Bd3 Bd6 9. Qc2 c6 10. O-O Qc7 11. e4 dxe4 12. Nxe4 Nxe4 13. Bxe4 h6 14. Bh4 O-O 15. Rfe1 Rae8 16. Re3 Nb6 17. Rae1 Nd5 18. Bxd5 cxd5 19. Qxc7 Bxc7 20. Bg3 Bxg3 21. hxg3 Rc8 22. Rb3 Rc7 23. Ree3 Rfc8 24. Rec3 Rxc3 25. Rxc3 Rxc3 26. bxc3 Kf8 27. Kf1 Ke7 28. Ke1 Bf5 29. Nd2 Kd6 30. Nf1 Kc6 31. Kd2 Kb5 32. Ne3 Be6 33. g4 f6 34. f4 g5 35. g3 a5 36. Kc2 Kc6 37. Kb3 b6 38. Ka4 Bd7 39. Ka3 Bc8 40. Kb3 Be6 41. Kc2 Bc8 42. Kd2 Be6 43. Ke2 Kb5 44. Kd3 Kc6 45. Kc2 Bc8 46. Kd3 1/2-1/2

[Event "Kronborg Chess Open 2025 GM"]
[Site "Snekkersten"]
[Date "2025.06.01"]
[Round "9"]
[White "Borge, Nikolaj"]
[Black "Akesson, Ralf"]
[Result "1/2-1/2"]
[WhiteElo "2369"]
[BlackElo "2353"]
[WhiteFideId "1400312"]
[BlackFideId "1700120"]
[EventDate "2025.05.28"]
[EventType "tourn"]
[EventRounds "9"]
[EventCountry "DEN"]
[SourceTitle "Live v. Helsingor Chess on ChessCom"]

1. e4 c5 2. Nf3 e6 3. d4 cxd4 4. Nxd4 a6 5. g3 d5 6. Nc3 dxe4 7. Nxe4 e5 8. Nb3 Qxd1+ 9. Kxd1 Nc6 10. c3 Bg4+ 11. Be2 O-O-O+ 12. Ke1 Bxe2 13. Kxe2 f5 14. Ng5 Rd7 15. Be3 Nf6 16. Rad1 Be7 17. Ne6 g6 18. h4 Re8 19. Bg5 Ne4 20. Bxe7 Rexe7 21. Nec5 Rxd1 22. Rxd1 Nxc5 23. Nxc5 Kc7 24. h5 e4 25. hxg6 hxg6 26. Rh1 a5 27. Rh8 Ne5 28. Rg8 Rh7 29. Ne6+ Kb6 30. Nf4 Rh2 31. b4 axb4 32. cxb4 Kb5 33. Nxg6 Ng4 34. Nh4 Rxf2+ 35. Ke1 Rxa2 36. Nxf5 Nf2 37. g4 Kxb4 38. g5 Nd3+ 39. Kd1 Rf2 40. Ne3 Kc3 41. Rc8+ Kd4 42. Nc2+ Ke5 43. Re8+ Kf4 44. g6 Rg2 45. Rf8+ Ke5 46. Re8+ Kd6 47. Rg8 Nf4 48. g7 Ne6 49. Nd4 Nxg7 50. Rxg7 Rxg7 51. Nf5+ 1/2-1/2

[Event "Kronborg Chess Open 2025 GM"]
[Site "Snekkersten"]
[Date "2025.06.01"]
[Round "9"]
[White "Kaasen, Tor Fredrik"]
[Black "Kistrup, Nicolai"]
[Result "1-0"]
[WhiteElo "2471"]
[BlackElo "2374"]
[WhiteFideId "1516647"]
[BlackFideId "1444816"]
[EventDate "2025.05.28"]
[EventType "tourn"]
[EventRounds "9"]
[EventCountry "DEN"]
[SourceTitle "Live v. Helsingor Chess on ChessCom"]

1. Nf3 Nf6 2. g3 b5 3. d3 Bb7 4. e4 d6 5. Bg2 c5 6. O-O e6 7. c3 Be7 8. a4 b4 9. a5 O-O 10. Nbd2 Qc8 11. Re1 Rd8 12. cxb4 cxb4 13. d4 d5 14. e5 Nfd7 15. h4 Ba6 16. Re3 Qc7 17. Nb3 Rc8 18. Ne1 Nc6 19. Bf1 Bc4 20. a6 Qb6 21. Nf3 Rc7 22. Nbd2 Bxf1 23. Nxf1 Qb5 24. Rd3 Rac8 25. Bf4 Na5 26. h5 Rc2 27. h6 g6 28. Bg5 Bf8 29. Ne1 R2c6 30. Qf3 Rxa6 31. Qf4 Nb6 32. Rf3 Qe8 33. Ne3 Nd7 34. Ng4 Rcc6 35. b3 Nb7 36. Rxa6 Rxa6 37. Qc1 Qb8 38. Nd3 Rb6 39. Nf4 a5 40. Nh5 f5 41. exf6 Kf7 42. Nf4 a4 43. Nh3 Bd6 44. Bh4 a3 45. Ng5+ Kg8 46. f7+ Kh8 47. Nxe6 a2 48. Nf6 Ne5 49. dxe5 Bxe5 50. Nd7 1-0